|
|
|
|
| LEADER |
00000nam0a2200000 4500 |
| 001 |
343817 |
| 005 |
20231102005611.0 |
| 010 |
|
|
|a 5761103168
|
| 035 |
|
|
|a (RuTPU)RU\TPU\book\374432
|
| 090 |
|
|
|a 343817
|
| 100 |
|
|
|a 20191031d2002 m y0rusy50 ca
|
| 101 |
0 |
|
|a rus
|a jpn
|
| 102 |
|
|
|a RU
|
| 105 |
|
|
|a y j 000zy
|
| 200 |
1 |
|
|a Японский язык для начинающих
|e учебник
|h Ч. 2
|f Л. Т. Нечаева
|
| 210 |
|
|
|a Москва
|c Московский лицей
|d 2002
|
| 215 |
|
|
|a 399 с.
|
| 320 |
|
|
|a Список иероглифов: с. 380-383
|
| 320 |
|
|
|a Грамматический указ.: с. 374-379
|
| 320 |
|
|
|a Указатель слов: с. 383-395
|
| 330 |
|
|
|a Данный учебник предназначен для продолжения изучения японского языка на 1-м курсе языкового вуза. 2-я часть учебника состоит из 12 уроков, рассчитанных на 250 часов аудиторных занятий. В учебнике продолжается введение нормативной грамматики, вводятся 2000 лексических единиц и 360 иероглифов. Тексты составлены на основе реалий сегодняшнего дня Японии и представляют собой продолжение рассказа об обучении российских студентов в одном из университетов Японии. Учебник может быть использован и для самостоятельных занятий японским языком.
|
| 606 |
1 |
|
|a Японский язык
|2 stltpush
|3 (RuTPU)RU\TPU\subj\21832
|9 46762
|
| 610 |
1 |
|
|a учебники
|
| 610 |
1 |
|
|a лексика
|
| 610 |
1 |
|
|a грамматика
|
| 610 |
1 |
|
|a словообразование
|
| 610 |
1 |
|
|a письменность
|
| 610 |
1 |
|
|a упражнения
|
| 686 |
|
|
|a Ш175.12-923
|v LBC/SL-A
|2 rubbk
|
| 700 |
|
1 |
|a Нечаева
|b Л. Т.
|
| 801 |
|
1 |
|a RU
|b 63413507
|c 20191031
|
| 801 |
|
2 |
|a RU
|b 63413507
|c 20191129
|g RCR
|
| 942 |
|
|
|c BK
|